| 000 | 02363nam a2200301Ia 4500 | ||
|---|---|---|---|
| 999 |
_c47236 _d47236 |
||
| 001 | 14096 | ||
| 003 | GE_BSU | ||
| 005 | 20241107173407.0 | ||
| 008 | 181216s2014||||ge |||||||||||||| ||geo|| | ||
| 040 | _cGE_BSU | ||
| 041 | _ageo | ||
| 080 | _a27-726.1 მ-90 | ||
| 245 |
_aმსოფლიო მართლმადიდებელი ეკლესიის წმინდა მღვდელმთავრები : _bწმინდა ათანასე დიდი-ალექსანდრიის მთავარეპისკოპოსი, წმინდა ამფილოქე-იკონიელი ეპისკოპოსი... / _cშემდგენელი სოფიო თავაძე ; გარეკანის დიზაინი ეთერ გზირიშვილი. |
||
| 264 |
_aთბილისი : _bპალიტრა L, _c2014. |
||
| 300 |
_a150 გვ. ; _c20 სმ. |
||
| 490 |
_aსაქართველოს იმედი II _vწ. 10 |
||
| 500 | _aიბეჭდება სრულიად საქართველოს კათოლიკოს-პატრიარქის, უწმინდესისა და უნეტარესის ილია II-ის ლოცვა-კურთხევით | ||
| 504 | _aბიბლიოგრ. : გვ. 149 | ||
| 541 | _h2ლ. | ||
| 653 | _aმსოფლიო მართლმადიდებელი ეკლესიის წმინდა მღვდელმთავრები | ||
| 653 | _aწმინდა ათანასე დიდი-ალექსანდრიის მთავარეპისკოპოსი,წმინდა ამფილოქე-იკონიელი ეპისკოპოსი... | ||
| 653 | _aღირსი პართენ ლამპსაკიელი | ||
| 653 | _aწმინდა ამბროსი მედიოლანელი | ||
| 653 | _aწმინდა მამათა ცხოვრება | ||
| 700 |
_aმამაცაშვილი, თამარ _eპროექტის რედაქტორი _923646 |
||
| 700 |
_aგზირიშვილი, ეთერ _eგარეკანის დიზაინერი _923647 |
||
| 942 |
_cBK _2udc |
||